Herby wszystkich regionów Francji - Statystyki

Ogólne statystyki
  • Ten quiz został rozwiązany 9 razy
  • Średni wynik to 5 z 13
Statystyki odpowiedzi
Obrazkowy Odpowiedź % Poprawnych
Bretania
83%
Korsyka
83%
Kraj Loary
83%
Ile de France
50%
Normandia
50%
Grand Est
33%
Hauts de France
33%
Nowa Akwitania
33%
Burgundia Franche Comte
17%
Oksytania
17%
Owernia Rodan Alpy
17%
Prowansja Alpy Lazurowe Wybrzeże
17%
Region Centralny Dolina Loary
17%
Nie znaleziono quizów pasujących do podanych kryteriów
Rozkład punktacji
Procent ludzi z każdym wynikiem
Percentyl według liczby udzielonych odpowiedzi
Twoja historia wyników
Nie rozwiązałeś tego quizu